Statistiques concernant Gares les plus fréquentées en Centre Val-de-Loire

Cliquez ici pour prendre le quiz!

Statistiques générales

  • Ce quiz a été pris 294 fois
    (222 depuis la dernière actualisation)
  • Le résultat moyen est 10 sur 14

Statistiques - réponses

Voyageurs (2017)Gare% Correct
4,633,000Tours
100%
3,368,000Orléans
99%
898,000Bourges
95%
1,570,000Blois
94%
765,000Châteauroux
93%
2,265,000Chartres
89%
707,000Vierzon
85%
2,740,000Saint-Pierre-des-Corps
75%
657,000Dreux
63%
680,000Montargis
62%
559,000Amboise
52%
1,640,000Les Aubrais Orléans
50%
1,456,000Epernon
9%
1,208,000Maintenon
9%

Distribution des résultats

Percentile par nombre de réponses

% des personnes avec chaque résultat

Votre développement - résultats

Vous n’avez pas pris ce quiz depuis la dernière actualisation